| 000 | 00419 a2200121 4500 | ||
|---|---|---|---|
| 001 | ART_47389 | ||
| 005 | 20260410161630.0 | ||
| 008 | 260409a | ||
| 245 | 1 | 0 | _aRegistros contables en el marco del Código Civil y Comercial de la Nación y legislación societaria. Régimen general |
| 100 | 1 | _aCampo, Ana María | |
| 700 | 1 | _aGarrido, Elisabet G. | |
| 773 | 0 |
_tEnfoques _g- N°8 (ago. 2018) _wREV416 |
|
| 999 |
_c12393 _d12393 |
||